Impact of family socio-economic status on girl students' academic achievement in secondary schools in Kenya : (Record no. 13838)
[ view plain ]
| 000 -LEADER | |
|---|---|
| fixed length control field | 00835cam a22002052 4500 |
| 001 - CONTROL NUMBER | |
| control field | 0000021480 |
| 005 - DATE AND TIME OF LATEST TRANSACTION | |
| control field | 20151217155910.0 |
| 008 - FIXED-LENGTH DATA ELEMENTS--GENERAL INFORMATION | |
| fixed length control field | 120607s xx 000 0 eng d |
| 040 ## - CATALOGING SOURCE | |
| Original cataloging agency | KABU |
| Transcribing agency | KABU |
| 100 1# - MAIN ENTRY--PERSONAL NAME | |
| Personal name | Juma, Lucy Stella Atieno. |
| -- | 0000182380 |
| 245 10 - TITLE STATEMENT | |
| Title | Impact of family socio-economic status on girl students' academic achievement in secondary schools in Kenya : |
| Remainder of title | a case study of Kisumu East district / |
| Statement of responsibility, etc. | Lucy Stella Atieno Juma, Enose M. W. Simatwa, T. M. Ayodo. |
| 300 ## - PHYSICAL DESCRIPTION | |
| Extent | 14 leaves. |
| 500 ## - GENERAL NOTE | |
| General note | Photocopied from "Educational research. v. 3(3) pp. 297-310, March 2012". |
| 650 #0 - SUBJECT ADDED ENTRY--TOPICAL TERM | |
| Topical term or geographic name as entry element | Educational reports |
| Geographic subdivision | Kenya. |
| -- | 0000182377 |
| 700 1# - ADDED ENTRY--PERSONAL NAME | |
| Personal name | Simatwa, Enose M. W. |
| -- | 0000182381 |
| 700 1# - ADDED ENTRY--PERSONAL NAME | |
| Personal name | Ayodo, T. M. |
| -- | 0000182379 |
| 908 ## - PUT COMMAND PARAMETER (RLIN) | |
| Put command parameter | 120607 |
| 950 ## - LOCAL HOLDINGS (RLIN) | |
| -- | 1 |
| Withdrawn status | Lost status | Source of classification or shelving scheme | Not for loan | Home library | Current library | Date acquired | Total Checkouts | Full call number | Barcode | Date last seen | Date last checked out | Price effective from | Koha item type |
|---|---|---|---|---|---|---|---|---|---|---|---|---|---|
| Library of Congress Classification | Kabarak, Main Campus | Kabarak, Main Campus | 17/12/2015 | 3 | L665 .J86 2012 c. 1 | 013114 | 07/11/2019 | 07/11/2019 | 17/12/2015 | Africana Collection |